000 00702nam a2200265Ia 4500
005 20260121170910.0
008 008 260114s9999 xx 000 0 eng d
020 _a9783030018573
037 _aEBOOK
040 _aCRL
040 _beng
040 _cCRL
041 _2eng
041 _aeng
084 _qCRL
100 _aManon Mathias, Alison M. Moore
_91069529
245 0 _aGut Feeling and Digestive Health in Nineteenth-Century Literature, History and Culture
260 _bSpringer
260 _bSpringer
260 _c2018
856 _uhttps://link.springer.com/openurl?genre=book&isbn=978-3-030-01857-3
942 _cEBOOK
999 _c1635259
_d1635259